000 00466nam a22001817a 4500
003 MPLRDC
005 20220104113639.0
008 210129b ||||| |||| 00| 0 eng d
020 _a7-5068-0543-X
082 _a528.47 ZGLS v.3
100 _a张素芹编著
245 _a中国历代神童. 3
_c李玲九改编
250 _a一版一刷
260 _a中国
_b书籍出版社
_c1999
300 _b404
650 _a青少年教育
942 _cBK
_o528.47 ZGLS v.3
999 _c1258
_d1248